[Event "Wch U18 Girls"]
[Site "Mamaia"]
[Date "2022.09.08"]
[Round "3"]
[White "Zheng, Carissa"]
[Black "Hryzlova, Sofiia"]
[Result "1-0"]
[WhiteElo "1779"]
[BlackElo "2191"]
[PlyCount "61"]
[EventDate "2022.09.06"]
[EventType "swiss"]
[EventRounds "11"]
[EventCountry "ROU"]
[SourceTitle "CBM 210 Extra"]
[Source "ChessBase"]
[SourceDate "2022.11.30"]
[SourceVersion "1"]
[SourceVersionDate "2022.11.30"]
[SourceQuality "1"]

1. e4 e6 2. d3 c5 3. Nf3 Nc6 4. g3 g6 5. Bg2 Bg7 6. 0-0 Nge7 7. c3 d5 8. Nbd2 0-0 9. Re1 b6 10. e5 a5 11. a4 Ba6 12. Qe2 h6 13. h4 Nf5 14. Nf1 Re8 15. N1h2 h5 16. Bf4 Rb8 17. Qd2 b5 18. g4 hxg4 19. Nxg4 bxa4 20. Rxa4 Qb6 21. Bh6 Nce7 22. Nf6+ Bxf6 23. exf6 Nxh6 24. Qxh6 Nf5 25. Qg5 Kh7 26. h5 Rg8 27. Ne5 d4 28. hxg6+ Rxg6 29. Nxg6 fxg6 30. Be4 Rg8 31. Kg2 1-0

[Event "Dulles Colonial op 3rd"]
[Site "Dulles"]
[Date "2022.04.13"]
[Round "1"]
[White "Zheng, Carissa"]
[Black "Boros, Denes"]
[Result "0-1"]
[WhiteElo "1957"]
[BlackElo "2430"]
[PlyCount "80"]
[EventDate "2022.04.13"]
[EventType "swiss"]
[EventRounds "9"]
[EventCountry "USA"]
[SourceTitle "CBM 207 Extra"]
[Source "ChessBase"]
[SourceDate "2022.05.31"]
[SourceVersion "1"]
[SourceVersionDate "2022.05.31"]
[SourceQuality "1"]

1. e4 g6 2. d4 c6 3. Nf3 Bg7 4. c4 d6 5. Nc3 Nf6 6. Be2 0-0 7. 0-0 Na6 8. Be3 e5 9. dxe5 dxe5 10. Qxd8 Rxd8 11. Rad1 Re8 12. Nd2 Ng4 13. Bg5 Nc5 14. h3 Nf6 15. Be3 Bf8 16. b4 Ne6 17. c5 Nd4 18. Bd3 Be6 19. f4 Bh6 20. g4 a5 21. g5 axb4 22. Ncb1 Bxg5 23. fxg5 Nd7 24. Bc4 Nxc5 25. Bxe6 Rxe6 26. Nc4 Nxe4 27. a3 bxa3 28. Ncxa3 b5 29. h4 Ng3 30. Bxd4 exd4 31. Rf2 Re4 32. Nc2 c5 33. Nd2 Rxh4 34. Kg2 Nf5 35. Nf3 Rg4+ 36. Kh3 Rf4 37. Nce1 Re4 38. Nd3 Ra3 39. Nxc5 Rh4+ 40. Kg2 Ne3+ 0-1